000 00543nam a2200193 i 4500
001 15249
003 ES-MaACL
005 20230906151026.0
007 t|
008 000209n1999 sp ||||1| spa d
020 _a84-505-7532-X
080 _a821.134.2-82"19"
100 1 _aCamacho Carrasco, Luis.
_933969
245 1 0 _aNostalgia y poesía /
_cLuis Camacho Carrasco.
260 _aMarchena :
_bAyuntamiento,
_c[199?]
300 _a734 p. ;
_c25 cm.
710 1 _aMarchena.
_bAyuntamiento.
_95647
852 _aES-MaACL
_jL-22572
_bR.128093
999 _c15249
_d15249